La sola regione italiana rimasta... - Statistics

Statistiche generali
  • Questo quiz è stato fatto 105 volte
  • Il punteggio medio è 9 su 20
Statistiche sulle risposte
qual è l'unica regione italiana rimasta che... Risposta % Corretto
...include nel suo territorio uno stato estero Lazio
95%
...ha più abitanti dell'Austria Lombardia
86%
...ha un nome di 10 lettere Basilicata
70%
...è priva di autostrade Sardegna
67%
...confina con altre sei regioni Emilia-Romagna
62%
...è priva di aeroporti Molise
62%
...ha più di 1.000 comuni Piemonte
58%
...ha un nome che contiene la doppia Z Abruzzo
55%
...ha ufficialmente ospitato le Olimpiadi Veneto
49%
...ha visto giocare squadre di calcio di tutti i suoi capoluoghi di provincia in serie A Umbria
45%
...è attraversata dall'Autostrada del Sole Toscana
42%
...non ha sbocco al mare Trentino-Alto Adige
41%
...ha più del 50% del territorio pianeggiante Puglia
38%
...ha tre città con più di 200.000 abitanti Sicilia
38%
...ha un capoluogo regionale meno popoloso di un'altra città della stessa regione Calabria
32%
...non ha province istituite dopo il 1861 Campania
25%
...è priva di patrimoni dell'umanità dell'UNESCO Valle d'Aosta
23%
...è una regione a statuto ordinario Liguria
19%
...ha dato il nome a più di una stazione della metropolitana in Italia Marche
15%
...è una regione italiana Friuli-Venezia Giulia
10%
Nessun quiz corrispondente trovato
Distribuzione punteggi
Percentuale di utenti per punteggio
Percentile per numero di risposta
I tuoi punteggi nel tempo
Non hai fatto questo quiz